00266nam a2200097Ia 4500001000800000005001700008008004100025020001800066245006400084260002000148126738120260417145201.0260417s9999 xx 000 0 und d a9786254169083 0aNarnia Günlükleri 6 - Gümüş SandalyecC. S. Lewis bDoğan Çocuk